Indiquez la profession des parents ! 15 - Statistiques

Statistiques générales
  • Ce quiz a été pris 6 fois
  • Le résultat moyen est 2 sur 20
Statistiques - réponses
Hint Réponse % Correct
Sara Giraudeau Acteurs
40%
Charlotte Gainsbourg Chanteurs
40%
Emmanuelle Galabru Acteur / Magistrate
20%
Fiona Gélin Acteur / Mannequin
20%
Sophie Favier Architecte / Coiffeuse
20%
André Ferréol Assureur
20%
Elodie Frégé Attaché de direction / Esthéticienne
20%
Annie Girardot Sage-femme
20%
Suzanne Flon Conducteur de tramway
0%
Edwige Feuillère Entrepreneur de travaux
0%
Ginette Garcin Gérant d'un établissement de bains
0%
Catherine Frot Ingénieur / Directrice de lycée
0%
Françoise Fabian Instituteur
0%
Véronique Genest Médecin
0%
Christine Fabréga Négociant en cuir
0%
Anny Duperey Photographes
0%
Audrey Fleurot Pompier / Puéricultrice
0%
Brigitte Fossey Professeur
0%
Judith Godrèche Psychanalyste / Psychomotricienne
0%
Hélène de Fougerolles Représentant en vins / Attachée de presse
0%
Aucun quiz correspondant
Distribution des résultats
% des personnes avec chaque résultat
Percentile par nombre de réponses
Votre historique - résultats
Vous n’avez pas pris ce quiz